| 000 | 00692cab a2200253 4500 | ||
|---|---|---|---|
| 001 | ABS47056 | ||
| 008 | 090401t1992 xxu||||| |||| 00| 0 eng d | ||
| 035 | _a(Sirsi) u60626 | ||
| 041 | _aeng | ||
| 100 | _aHouston, K. | ||
| 245 | _aBuilding up to energy awareness | ||
| 260 | _c1992 | ||
| 350 | _a0 | ||
| 490 |
_aACM _vSeptember 1992, 49-50(2) |
||
| 520 | _aReports on how health and environmental pressures are shaping the workplace. | ||
| 650 | _aENERGY EFFICIENCY | ||
| 650 | _aENVIRONMENTALLY FRIENDLY | ||
| 650 | _aGREEN BUILDINGS | ||
| 650 | _aOFFICE BUILDINGS | ||
| 650 | _aSICK BUILDING SYNDROME | ||
| 690 |
_aEnvironment _96238 |
||
| 942 | _n0 | ||
| 948 | _c04/03/1997 | ||
| 999 |
_c37434 _d37434 |
||